| 000 | 00526nam a2200145Ia 4500 | ||
|---|---|---|---|
| 008 | 100204s9999 xx 000 0 und d | ||
| 082 | _b2240 | ||
| 100 | _aभागवत यशवंत | ||
| 245 | _aप्रिया कुणाची प्रिया | ||
| 260 |
_b"उदयदीप प्रकाशन , मुंबई" _c1980 |
||
| 300 | _a188 | ||
| 630 | _aप्रिया कुणाची प्रिया | ||
| 730 | _aप्रिया कुणाची प्रिया | ||
| 942 | _cBOOK | ||
| 999 |
_c447342 _d447339 |
||